[Event "9th SC 1400/1800"]
[Site "SchemingMind.com"]
[Date "2006.05.01"]
[Round "-"]
[White "Archr"]
[Black "Masticore99"]
[Result "1-0"]
[WhiteCountry "USA"]
[BlackCountry "USA"]
[WhiteElo "1592"]
[WhiteRD "74"]
[BlackElo "1578"]
[BlackRD "73"]
[GameID "48729"]

1. e4 e5 2. Nf3 Nc6 3. Bb5 a6 4. Ba4 Nf6 5. O-O b5 6. Bb3 Bc5 7. d3 O-O 8. Nc3 d6 9. Bg5 h6 10. Bh4 g5
11. Bg3 Bg4 12. h4 Kg7 13. Nb1 Qd7 14. Nbd2 d5 15. Qe1 dxe4 16. dxe4 Bxf3 17. Nxf3 Rfe8 18. hxg5 hxg5 19. Nxg5 Qg4 20. Qc3 Qxg5
21. Qxc5 Nd4 22. Qxc7 Ne2+ 23. Kh1 Nxg3+ 24. fxg3 Qh5+ 25. Kg1 Rh8 26. g4 Qh2+ 27. Kf2 Nxe4+ 28. Ke1 Qg3+ 29. Ke2 Qxg4+ 30. Ke3 Ng5
31. Qxe5+ Kh7 32. Qf5+ Qxf5 33. Rxf5 Kg6 34. Kf4 Ne6+ 35. Bxe6 fxe6 36. Re5 Kf6 37. Rae1 Rhe8 38. g4 Rac8 39. g5+ Kg7 40. R1e2 Rc6
41. Kf3 Kg6 42. Kf2 Rd6 43. Ke1 Re7 44. Rd2 Rxd2 45. Kxd2 Kf7 46. c3 Rd7+ 47. Kc2 Rd5 48. Rxd5 exd5 49. Kd3 Kg6 50. Kd4 Kxg5
51. Kxd5 Kf4 52. Kc5 Ke4 53. Kb6 Kd3 54. Kxa6 Kc2 55. Kxb5 Kxb2 56. c4 Kxa2 57. c5 Kb3 58. c6
1-0

[Event "9th SC 1400/1800"]
[Site "SchemingMind.com"]
[Date "2006.04.30"]
[Round "-"]
[White "sokolov"]
[Black "Masticore99"]
[Result "0-1"]
[WhiteCountry "USA"]
[BlackCountry "USA"]
[WhiteElo "1685"]
[WhiteRD "78"]
[BlackElo "1554"]
[BlackRD "75"]
[GameID "48730"]

1. d4 d5 2. Nf3 e6 3. Bg5 Nf6 4. Nbd2 Be7 5. Ne5 h6 6. Bxf6 Bxf6 7. Ndf3 O-O 8. e3 Bd7 9. Bd3 Nc6 10. c3 Nxe5
11. dxe5 Be7 12. O-O c5 13. e4 c4 14. Bc2 Bc5 15. exd5 Qb6 16. d6 Qxb2 17. Rb1 Qxc3 18. Rxb7 Bc6 19. Rc7 Bxf3 20. Qxf3 Qxe5
21. Rxf7 Bxd6 22. g3 Rab8 23. Rxf8+ Rxf8 24. Bh7+ Kxh7
0-1

[Event "9th SC 1400/1800"]
[Site "SchemingMind.com"]
[Date "2006.04.30"]
[Round "-"]
[White "Easy_E"]
[Black "Masticore99"]
[Result "0-1"]
[WhiteCountry "USA"]
[BlackCountry "USA"]
[WhiteElo "1469"]
[WhiteRD "71"]
[BlackElo "1554"]
[BlackRD "75"]
[GameID "48731"]

1. e4 e6 2. Nf3 d5 3. Bb5+ c6 4. Ba4 dxe4 5. Ne5 Qd4 6. Qh5 g6 7. Qg5 Bh6 8. c3 Qxa4 9. Qg4 Qb5 10. Qg3 Ne7
11. Na3 Qd5 12. c4 Qc5 13. O-O Nf5 14. Qc3 Bg7 15. d4 Nxd4 16. Bf4 Bxe5 17. Bxe5 Qxe5 18. c5 Ne2+ 19. Kh1 Nxc3 20. bxc3 Qxc3
21. Rfc1 Qxa3 22. Re1 Qxc5 23. Rxe4 O-O 24. Rd1 Qc2 25. Red4 e5 26. R4d2 Qa4 27. h4 Qxh4+ 28. Kg1 Bf5 29. g3 Qh5 30. Rd7 Nxd7
0-1